Boxing general knowledge - Statistics

General Stats
  • This quiz has been taken 799 times
  • The average score is 5 of 9
Answer Stats
Hint Answer % Correct
Most common punch thrown Jab
99%
What is the opposite of southpaw Orthodox
77%
What colour gum shield is banned Red
72%
If all judges agree on a decision it is classed as Unanimous
69%
There is a red corner, a blue corner what are the white corners called Neutral
53%
How long is the count for a boxer if knocked out of the ring 20
51%
Typical size glove in competition 10 ounce
41%
What rules to boxers compete under Queensbury
20%
What is the traditional name of a boxer Pugilist
19%
No matching quizzes found
Score Distribution
Percent of People with Each Score
Percentile by Number Answered
Your Score History
You have not taken this quiz